[Event "DEM U14w 2025"]
[Site "Willingen GER"]
[Date "2025.06.09"]
[Round "3"]
[White "Chen, Yueyi"]
[Black "Averkova, Mariia"]
[Result "1/2-1/2"]
[Termination "normal"]
[Board "5"]
[WhiteElo "1851"]
[BlackElo "1759"]
[WhiteClock "00:04:57"]
[BlackClock "00:21:03"]
[PlyCount "208"]
[WhiteFideId "34653902"]
[BlackFideId "34651470"]
[EventCountry "GER"]
[EventRounds "9"]
[EventType "swiss"]
[EventDate "2025.06.07"]

1. e4 {[%clk 01:30:51]} {[%emt 00:00:08]} e6 {[%clk 01:30:52]} {[%emt
00:00:08]} 2. d4 {[%clk 01:31:14]} {[%emt 00:00:06]} d5 {[%clk 01:31:18]}
{[%emt 00:00:05]} 3. Nd2 {[%clk 01:31:35]} {[%emt 00:00:09]} dxe4 {[%clk
01:31:38]} {[%emt 00:00:11]} 4. Nxe4 {[%clk 01:31:57]} {[%emt 00:00:08]} Nd7
{[%clk 01:32:01]} {[%emt 00:00:07]} 5. Nf3 {[%clk 01:29:25]} {[%emt 00:03:02]}
Ngf6 {[%clk 01:32:15]} {[%emt 00:00:15]} 6. Nxf6+ {[%clk 01:29:26]} {[%emt
00:00:30]} Nxf6 {[%clk 01:32:34]} {[%emt 00:00:10]} 7. Ne5 {[%clk 01:27:56]}
{[%emt 00:02:00]} a6 {[%clk 01:31:08]} {[%emt 00:01:57]} 8. Be3 {[%clk
01:24:26]} {[%emt 00:03:59]} Bd6 {[%clk 01:29:19]} {[%emt 00:02:19]} 9. Nc4
{[%clk 01:22:36]} {[%emt 00:02:20]} Be7 {[%clk 01:27:25]} {[%emt 00:02:24]} 10.
Bd3 {[%clk 01:21:41]} {[%emt 00:01:26]} b6 {[%clk 01:24:26]} {[%emt 00:03:29]}
11. O-O {[%clk 01:18:53]} {[%emt 00:03:17]} O-O {[%clk 01:24:26]} {[%emt
00:00:30]} 12. c3 {[%clk 01:18:04]} {[%emt 00:01:20]} Bb7 {[%clk 01:23:45]}
{[%emt 00:01:10]} 13. Ne5 {[%clk 01:16:38]} {[%emt 00:01:56]} Qd5 {[%clk
01:18:59]} {[%emt 00:05:16]} 14. f3 {[%clk 01:15:30]} {[%emt 00:01:39]} c5
{[%clk 01:15:00]} {[%emt 00:04:29]} 15. Bc4 {[%clk 01:08:55]} {[%emt 00:07:04]}
Qd6 {[%clk 01:14:22]} {[%emt 00:01:08]} 16. Nd3 {[%clk 01:07:40]} {[%emt
00:01:46]} cxd4 {[%clk 01:12:00]} {[%emt 00:02:52]} 17. Bxd4 {[%clk 01:05:58]}
{[%emt 00:02:11]} Qc7 {[%clk 01:09:18]} {[%emt 00:03:12]} 18. Ne5 {[%clk
01:00:54]} {[%emt 00:05:34]} Rfd8 {[%clk 01:06:36]} {[%emt 00:03:12]} 19. Qe2
{[%clk 00:59:04]} {[%emt 00:02:20]} b5 {[%clk 00:59:04]} {[%emt 00:08:03]} 20.
Bb3 {[%clk 00:57:24]} {[%emt 00:02:09]} Bd5 {[%clk 00:57:16]} {[%emt 00:02:18]}
21. Qe3 {[%clk 00:56:01]} {[%emt 00:01:53]} Rab8 {[%clk 00:54:21]} {[%emt
00:03:25]} 22. Rfe1 {[%clk 00:55:17]} {[%emt 00:01:14]} Qb7 {[%clk 00:49:06]}
{[%emt 00:05:46]} 23. Kh1 {[%clk 00:50:50]} {[%emt 00:04:57]} Nd7 {[%clk
00:46:11]} {[%emt 00:03:25]} 24. Rad1 {[%clk 00:40:40]} {[%emt 00:10:39]} Nxe5
{[%clk 00:41:51]} {[%emt 00:04:50]} 25. Bxe5 {[%clk 00:40:31]} {[%emt
00:00:39]} Rbc8 {[%clk 00:42:01]} {[%emt 00:00:20]} 26. Bd4 {[%clk 00:38:12]}
{[%emt 00:02:49]} Bh4 {[%clk 00:41:23]} {[%emt 00:01:08]} 27. Re2 {[%clk
00:35:14]} {[%emt 00:03:28]} Qe7 {[%clk 00:37:11]} {[%emt 00:04:41]} 28. Red2
{[%clk 00:27:28]} {[%emt 00:08:17]} h6 {[%clk 00:31:33]} {[%emt 00:06:08]} 29.
Bb6 {[%clk 00:23:03]} {[%emt 00:04:55]} Re8 {[%clk 00:24:00]} {[%emt 00:08:04]}
30. Bxd5 {[%clk 00:22:33]} {[%emt 00:00:59]} exd5 {[%clk 00:24:24]} {[%emt
00:00:06]} 31. Qxe7 {[%clk 00:22:28]} {[%emt 00:00:35]} Rxe7 {[%clk 00:24:44]}
{[%emt 00:00:10]} 32. Rxd5 {[%clk 00:22:32]} {[%emt 00:00:26]} Rce8 {[%clk
00:24:50]} {[%emt 00:00:23]} 33. Rd8 {[%clk 00:21:19]} {[%emt 00:01:43]} Kh7
{[%clk 00:20:57]} {[%emt 00:04:24]} 34. Rxe8 {[%clk 00:20:32]} {[%emt
00:01:18]} Rxe8 {[%clk 00:21:22]} {[%emt 00:00:05]} 35. g3 {[%clk 00:20:31]}
{[%emt 00:00:30]} Bf6 {[%clk 00:21:38]} {[%emt 00:00:14]} 36. Rd2 {[%clk
00:20:28]} {[%emt 00:00:33]} Re6 {[%clk 00:20:57]} {[%emt 00:01:11]} 37. Bc5
{[%clk 00:20:25]} {[%emt 00:00:34]} Kg6 {[%clk 00:19:45]} {[%emt 00:01:41]} 38.
Kg2 {[%clk 00:20:29]} {[%emt 00:00:25]} Rc6 {[%clk 00:19:01]} {[%emt 00:01:15]}
39. Bb4 {[%clk 00:19:42]} {[%emt 00:01:17]} Be5 {[%clk 00:17:25]} {[%emt
00:02:05]} 40. Rd5 {[%clk 00:16:46]} {[%emt 00:03:26]} Kf6 {[%clk 00:16:29]}
{[%emt 00:01:27]} 41. f4 {[%clk 00:13:21]} {[%emt 00:03:54]} Bc7 {[%clk
00:16:50]} {[%emt 00:00:10]} 42. Kf3 {[%clk 00:12:57]} {[%emt 00:00:54]} Re6
{[%clk 00:16:10]} {[%emt 00:01:10]} 43. Rd4 {[%clk 00:11:40]} {[%emt 00:01:48]}
Bb6 {[%clk 00:10:08]} {[%emt 00:06:31]} 44. Rd6 {[%clk 00:10:39]} {[%emt
00:01:31]} h5 {[%clk 00:09:24]} {[%emt 00:01:14]} 45. h3 {[%clk 00:09:47]}
{[%emt 00:01:22]} Rxd6 {[%clk 00:07:24]} {[%emt 00:02:30]} 46. Bxd6 {[%clk
00:10:10]} {[%emt 00:00:07]} Ke6 {[%clk 00:07:43]} {[%emt 00:00:11]} 47. Bf8
{[%clk 00:10:28]} {[%emt 00:00:12]} g6 {[%clk 00:07:46]} {[%emt 00:00:27]} 48.
Ke4 {[%clk 00:09:38]} {[%emt 00:01:20]} f5+ {[%clk 00:07:03]} {[%emt 00:01:13]}
49. Kf3 {[%clk 00:09:58]} {[%emt 00:00:09]} Bg1 {[%clk 00:06:30]} {[%emt
00:01:04]} 50. b3 {[%clk 00:07:43]} {[%emt 00:02:45]} Kd5 {[%clk 00:04:36]}
{[%emt 00:02:24]} 51. Be7 {[%clk 00:07:34]} {[%emt 00:00:39]} Ke6 {[%clk
00:03:58]} {[%emt 00:01:08]} 52. Ba3 {[%clk 00:07:38]} {[%emt 00:00:26]} Kd5
{[%clk 00:04:09]} {[%emt 00:00:19]} 53. Bc1 {[%clk 00:07:37]} {[%emt 00:00:30]}
Bc5 {[%clk 00:04:02]} {[%emt 00:00:38]} 54. Be3 {[%clk 00:07:54]} {[%emt
00:00:14]} Be7 {[%clk 00:03:51]} {[%emt 00:00:39]} 55. Bf2 {[%clk 00:02:34]}
{[%emt 00:05:50]} Bf6 {[%clk 00:03:37]} {[%emt 00:00:44]} 56. Be1 {[%clk
00:02:49]} {[%emt 00:00:16]} Be7 {[%clk 00:03:29]} {[%emt 00:00:38]} 57. Ke3
{[%clk 00:02:14]} {[%emt 00:01:04]} Bd8 {[%clk 00:02:41]} {[%emt 00:01:19]} 58.
Bd2 {[%clk 00:23:25]} {[%emt 00:09:19]} Bb6+ {[%clk 00:32:14]} {[%emt
00:00:58]} 59. Kf3 {[%clk 00:23:09]} {[%emt 00:00:45]} Bd8 {[%clk 00:31:47]}
{[%emt 00:00:56]} 60. Be1 {[%clk 00:22:44]} {[%emt 00:00:55]} Be7 {[%clk
00:29:31]} {[%emt 00:02:47]} 61. Ke3 {[%clk 00:18:54]} {[%emt 00:04:20]} Bd8
{[%clk 00:28:07]} {[%emt 00:01:53]} 62. Kd3 {[%clk 00:18:07]} {[%emt 00:01:17]}
Bb6 {[%clk 00:27:10]} {[%emt 00:01:27]} 63. c4+ {[%clk 00:16:19]} {[%emt
00:02:19]} bxc4+ {[%clk 00:26:50]} {[%emt 00:00:49]} 64. bxc4+ {[%clk
00:16:46]} {[%emt 00:00:04]} Kc6 {[%clk 00:27:08]} {[%emt 00:00:12]} 65. Ke2
{[%clk 00:16:48]} {[%emt 00:00:28]} Bd4 {[%clk 00:26:34]} {[%emt 00:01:04]} 66.
Bb4 {[%clk 00:16:39]} {[%emt 00:00:38]} Bb6 {[%clk 00:26:22]} {[%emt 00:00:42]}
67. Kf3 {[%clk 00:13:48]} {[%emt 00:03:22]} Bc5 {[%clk 00:23:43]} {[%emt
00:03:09]} 68. Bc3 {[%clk 00:13:45]} {[%emt 00:00:33]} Bb6 {[%clk 00:22:38]}
{[%emt 00:01:34]} 69. Bd2 {[%clk 00:13:34]} {[%emt 00:00:42]} Bd4 {[%clk
00:21:00]} {[%emt 00:02:06]} 70. Bb4 {[%clk 00:12:43]} {[%emt 00:01:24]} Bc5
{[%clk 00:20:51]} {[%emt 00:00:38]} 71. Bd2 {[%clk 00:09:30]} {[%emt 00:03:43]}
Bd4 {[%clk 00:21:02]} {[%emt 00:00:19]} 72. Bb4 {[%clk 00:07:39]} {[%emt
00:02:20]} Bc5 {[%clk 00:21:15]} {[%emt 00:00:17]} 73. Be1 {[%clk 00:07:28]}
{[%emt 00:00:41]} Bd4 {[%clk 00:21:21]} {[%emt 00:00:25]} 74. Ke2 {[%clk
00:07:49]} {[%emt 00:00:09]} Kc5 {[%clk 00:19:29]} {[%emt 00:02:22]} 75. Kd3
{[%clk 00:08:00]} {[%emt 00:00:19]} Bg1 {[%clk 00:19:22]} {[%emt 00:00:36]} 76.
a3 {[%clk 00:07:59]} {[%emt 00:00:32]} Kc6 {[%clk 00:18:58]} {[%emt 00:00:54]}
77. Ke2 {[%clk 00:06:01]} {[%emt 00:02:28]} Kc5 {[%clk 00:18:28]} {[%emt
00:01:00]} 78. Kd3 {[%clk 00:06:22]} {[%emt 00:00:08]} Kc6 {[%clk 00:18:49]}
{[%emt 00:00:10]} 79. a4 {[%clk 00:06:07]} {[%emt 00:00:45]} Kc5 {[%clk
00:17:26]} {[%emt 00:01:53]} 80. Kc3 {[%clk 00:05:55]} {[%emt 00:00:42]} Kc6
{[%clk 00:16:13]} {[%emt 00:01:43]} 81. Kb4 {[%clk 00:04:52]} {[%emt 00:01:33]}
Bb6 {[%clk 00:16:31]} {[%emt 00:00:12]} 82. Ka3 {[%clk 00:04:33]} {[%emt
00:00:49]} Bc5+ {[%clk 00:16:40]} {[%emt 00:00:21]} 83. Kb3 {[%clk 00:05:00]}
{[%emt 00:00:03]} Bd4 {[%clk 00:16:38]} {[%emt 00:00:31]} 84. a5 {[%clk
00:04:05]} {[%emt 00:01:25]} Be3 {[%clk 00:16:36]} {[%emt 00:00:32]} 85. Kc3
{[%clk 00:04:10]} {[%emt 00:00:26]} Bc5 {[%clk 00:16:20]} {[%emt 00:00:45]} 86.
Kd3 {[%clk 00:04:35]} {[%emt 00:00:06]} Bg1 {[%clk 00:15:48]} {[%emt 00:01:01]}
87. Kc2 {[%clk 00:03:51]} {[%emt 00:01:14]} Bc5 {[%clk 00:16:03]} {[%emt
00:00:15]} 88. Kc3 {[%clk 00:03:53]} {[%emt 00:00:29]} Bg1 {[%clk 00:16:26]}
{[%emt 00:00:07]} 89. Kd3 {[%clk 00:04:07]} {[%emt 00:00:16]} Kc5 {[%clk
00:16:20]} {[%emt 00:00:36]} 90. Kc3 {[%clk 00:02:34]} {[%emt 00:02:02]} Bd4+
{[%clk 00:16:28]} {[%emt 00:00:23]} 91. Kb3 {[%clk 00:02:52]} {[%emt 00:00:12]}
Kc6 {[%emt 00:00:11]} 92. Ka4 {[%clk 00:02:49]} {[%emt 00:00:33]} Be3 {[%clk
00:17:09]} {[%emt 00:00:08]} 93. Kb4 {[%clk 00:02:36]} {[%emt 00:00:43]} Bc5+
{[%clk 00:17:33]} {[%emt 00:00:06]} 94. Kc3 {[%clk 00:02:55]} {[%emt 00:00:11]}
Bg1 {[%clk 00:17:56]} {[%emt 00:00:06]} 95. Kb3 {[%clk 00:03:13]} {[%emt
00:00:12]} Bd4 {[%clk 00:18:19]} {[%emt 00:00:08]} 96. Kc2 {[%clk 00:03:28]}
{[%emt 00:00:15]} Bc5 {[%clk 00:18:30]} {[%emt 00:00:19]} 97. Kd3 {[%clk
00:03:39]} {[%emt 00:00:19]} Bg1 {[%clk 00:18:43]} {[%emt 00:00:17]} 98. Kc2
{[%clk 00:03:07]} {[%emt 00:01:00]} Bd4 {[%clk 00:19:00]} {[%emt 00:00:14]} 99.
Kb3 {[%clk 00:03:25]} {[%emt 00:00:13]} Be3 {[%clk 00:19:17]} {[%emt 00:00:13]}
100. Kc2 {[%clk 00:03:24]} {[%emt 00:00:31]} Bd4 {[%clk 00:19:37]} {[%emt
00:00:09]} 101. Kd3 {[%clk 00:03:36]} {[%emt 00:00:19]} Bg1 {[%clk 00:19:54]}
{[%emt 00:00:12]} 102. Kc2 {[%clk 00:04:03]} {[%emt 00:00:04]} Bd4 {[%clk
00:20:18]} {[%emt 00:00:05]} 103. Kd3 {[%clk 00:04:30]} {[%emt 00:00:04]} Bg1
{[%clk 00:20:41]} {[%emt 00:00:06]} 104. Kc2 {[%clk 00:04:57]} {[%emt
00:00:04]} Bd4 {[%clk 00:21:03]} {[%emt 00:00:07]} 1/2-1/2

[Event "DEM U14w 2025"]
[Site "Willingen GER"]
[Date "2025.06.09"]
[Round "3"]
[White "Huang, Jasmin Shuya"]
[Black "Tu, Audrey"]
[Result "1-0"]
[Termination "normal"]
[Board "6"]
[WhiteElo "1795"]
[BlackElo "1753"]
[WhiteClock "00:35:04"]
[BlackClock "00:15:36"]
[PlyCount "183"]
[WhiteFideId "533015694"]
[BlackFideId "34628568"]
[EventCountry "GER"]
[EventRounds "9"]
[EventType "swiss"]
[EventDate "2025.06.07"]

1. e4 {[%clk 01:30:58]} {[%emt 00:00:02]} e5 {[%clk 01:30:57]} {[%emt
00:00:04]} 2. Nc3 {[%clk 01:31:24]} {[%emt 00:00:04]} Nf6 {[%clk 01:31:23]}
{[%emt 00:00:05]} 3. f4 {[%clk 01:31:51]} {[%emt 00:00:02]} d5 {[%clk
01:27:07]} {[%emt 00:04:47]} 4. fxe5 {[%clk 01:32:13]} {[%emt 00:00:06]} Nxe4
{[%clk 01:26:14]} {[%emt 00:01:24]} 5. Qf3 {[%clk 01:32:30]} {[%emt 00:00:13]}
Nxc3 {[%clk 01:23:30]} {[%emt 00:03:14]} 6. bxc3 {[%clk 01:32:46]} {[%emt
00:00:14]} Nc6 {[%clk 01:16:41]} {[%emt 00:07:20]} 7. d4 {[%clk 01:32:25]}
{[%emt 00:00:50]} g6 {[%clk 01:12:18]} {[%emt 00:04:53]} 8. Qf6 {[%clk
01:07:46]} {[%emt 00:25:09]} Qxf6 {[%clk 01:11:22]} {[%emt 00:01:26]} 9. exf6
{[%clk 01:08:10]} {[%emt 00:00:05]} Bf5 {[%clk 01:01:51]} {[%emt 00:10:01]} 10.
Bd3 {[%clk 01:01:00]} {[%emt 00:07:40]} Bxd3 {[%clk 00:58:35]} {[%emt
00:03:47]} 11. cxd3 {[%clk 01:01:19]} {[%emt 00:00:10]} O-O-O {[%clk 00:57:49]}
{[%emt 00:01:17]} 12. Ne2 {[%clk 00:47:23]} {[%emt 00:14:26]} Re8 {[%clk
00:44:44]} {[%emt 00:13:34]} 13. Rf1 {[%clk 00:41:18]} {[%emt 00:06:35]} Bd6
{[%clk 00:41:23]} {[%emt 00:03:52]} 14. Bf4 {[%clk 00:35:11]} {[%emt 00:06:37]}
Bxf4 {[%emt 00:08:36]} 15. Rxf4 {[%clk 00:35:32]} {[%emt 00:00:05]} Re6 {[%clk
00:32:20]} {[%emt 00:01:31]} 16. Kd2 {[%clk 00:35:18]} {[%emt 00:00:44]} Rhe8
{[%clk 00:31:57]} {[%emt 00:00:53]} 17. Rf2 {[%clk 00:33:15]} {[%emt 00:02:33]}
Nb8 {[%clk 00:29:24]} {[%emt 00:03:03]} 18. g4 {[%clk 00:20:43]} {[%emt
00:13:02]} h6 {[%clk 00:14:48]} {[%emt 00:15:06]} 19. h4 {[%clk 00:18:22]}
{[%emt 00:02:50]} Rb6 {[%clk 00:13:13]} {[%emt 00:02:05]} 20. Kc2 {[%clk
00:16:07]} {[%emt 00:02:45]} g5 {[%clk 00:10:20]} {[%emt 00:03:24]} 21. hxg5
{[%clk 00:16:10]} {[%emt 00:00:27]} hxg5 {[%clk 00:10:49]} {[%emt 00:00:01]}
22. Ng3 {[%clk 00:13:57]} {[%emt 00:02:42]} Nd7 {[%clk 00:10:33]} {[%emt
00:00:46]} 23. Nh5 {[%clk 00:12:08]} {[%emt 00:02:19]} Ree6 {[%clk 00:10:18]}
{[%emt 00:00:46]} 24. Raf1 {[%clk 00:11:51]} {[%emt 00:00:47]} Ra6 {[%clk
00:10:25]} {[%emt 00:00:23]} 25. Kb2 {[%clk 00:08:33]} {[%emt 00:03:47]} Re3
{[%clk 00:08:38]} {[%emt 00:02:16]} 26. Rd1 {[%clk 00:07:29]} {[%emt 00:01:35]}
Rb6+ {[%clk 00:07:36]} {[%emt 00:01:33]} 27. Kc1 {[%clk 00:07:45]} {[%emt
00:00:14]} Rbe6 {[%clk 00:06:37]} {[%emt 00:01:29]} 28. Rf5 {[%clk 00:07:06]}
{[%emt 00:01:08]} c6 {[%clk 00:06:28]} {[%emt 00:00:41]} 29. Rxg5 {[%clk
00:06:59]} {[%emt 00:00:36]} Rf3 {[%clk 00:03:06]} {[%emt 00:03:52]} 30. Rg8+
{[%clk 00:06:01]} {[%emt 00:01:27]} Kc7 {[%clk 00:03:31]} {[%emt 00:00:05]} 31.
Ng7 {[%clk 00:05:37]} {[%emt 00:00:54]} Ree3 {[%clk 00:02:54]} {[%emt
00:01:07]} 32. Ne8+ {[%clk 00:04:45]} {[%emt 00:01:23]} Kb6 {[%clk 00:03:10]}
{[%emt 00:00:14]} 33. g5 {[%clk 00:04:57]} {[%emt 00:00:18]} Re6 {[%clk
00:02:03]} {[%emt 00:01:36]} 34. Ng7 {[%clk 00:04:52]} {[%emt 00:00:35]} Re2
{[%clk 00:02:20]} {[%emt 00:00:13]} 35. Rd2 {[%clk 00:03:48]} {[%emt 00:01:35]}
Re1+ {[%clk 00:02:19]} {[%emt 00:00:30]} 36. Kc2 {[%emt 00:00:41]} Rg3 {[%clk
00:02:07]} {[%emt 00:00:38]} 37. Nf5 {[%clk 00:02:12]} {[%emt 00:01:58]} Rgg1
{[%clk 00:02:02]} {[%emt 00:00:36]} 38. Rg7 {[%clk 00:01:21]} {[%emt 00:01:22]}
Rb1 {[%clk 00:01:23]} {[%emt 00:01:09]} 39. Re2 {[%clk 00:01:03]} {[%emt
00:00:48]} Ra1 {[%clk 00:01:12]} {[%emt 00:00:40]} 40. Kb3 {[%clk 00:01:17]}
{[%emt 00:00:16]} Rgb1+ {[%clk 00:00:57]} {[%emt 00:00:45]} 41. Rb2 {[%clk
00:01:06]} {[%emt 00:00:42]} Rxb2+ {[%clk 00:25:19]} {[%emt 00:06:08]} 42. Kxb2
{[%clk 00:31:28]} {[%emt 00:00:07]} Rg1 {[%clk 00:25:05]} {[%emt 00:00:44]} 43.
Nh4 {[%clk 00:29:16]} {[%emt 00:02:41]} Kc7 {[%clk 00:22:28]} {[%emt 00:03:09]}
44. Nf3 {[%clk 00:25:47]} {[%emt 00:03:58]} Rg3 {[%clk 00:17:05]} {[%emt
00:05:53]} 45. Ne5 {[%clk 00:22:59]} {[%emt 00:03:18]} Nxe5 {[%clk 00:15:30]}
{[%emt 00:02:05]} 46. dxe5 {[%clk 00:23:24]} {[%emt 00:00:05]} Kd8 {[%clk
00:13:04]} {[%emt 00:02:57]} 47. Rxf7 {[%clk 00:22:19]} {[%emt 00:01:35]} Rxg5
{[%clk 00:13:26]} {[%emt 00:00:08]} 48. d4 {[%clk 00:22:34]} {[%emt 00:00:14]}
Kc8 {[%clk 00:11:24]} {[%emt 00:02:32]} 49. Rg7 {[%clk 00:22:28]} {[%emt
00:00:36]} Rf5 {[%clk 00:11:04]} {[%emt 00:00:50]} 50. f7 {[%clk 00:22:37]}
{[%emt 00:00:22]} Kd8 {[%clk 00:10:55]} {[%emt 00:00:39]} 51. Rg8+ {[%clk
00:20:39]} {[%emt 00:02:27]} Ke7 {[%clk 00:11:18]} {[%emt 00:00:07]} 52. e6
{[%clk 00:20:56]} {[%emt 00:00:13]} Rf2+ {[%clk 00:04:26]} {[%emt 00:07:23]}
53. Kb3 {[%clk 00:21:06]} {[%emt 00:00:20]} Rf6 {[%clk 00:03:53]} {[%emt
00:01:02]} 54. Re8+ {[%clk 00:21:18]} {[%emt 00:00:18]} Kd6 {[%clk 00:04:19]}
{[%emt 00:00:05]} 55. f8=Q+ {[%clk 00:21:40]} {[%emt 00:00:08]} Rxf8 {[%clk
00:04:47]} {[%emt 00:00:02]} 56. Rxf8 {[%clk 00:22:02]} {[%emt 00:00:07]} Kxe6
{[%clk 00:05:11]} {[%emt 00:00:06]} 57. Rb8 {[%clk 00:22:14]} {[%emt 00:00:18]}
b5 {[%clk 00:04:15]} {[%emt 00:01:26]} 58. Ra8 {[%clk 00:22:06]} {[%emt
00:00:38]} a5 {[%clk 00:04:14]} {[%emt 00:00:32]} 59. Rxa5 {[%clk 00:22:23]}
{[%emt 00:00:13]} Kd6 {[%clk 00:04:36]} {[%emt 00:00:07]} 60. a4 {[%clk
00:22:30]} {[%emt 00:00:23]} bxa4+ {[%clk 00:04:56]} {[%emt 00:00:10]} 61. Kxa4
{[%clk 00:22:43]} {[%emt 00:00:18]} Kc7 {[%clk 00:05:10]} {[%emt 00:00:16]} 62.
Rc5 {[%clk 00:22:56]} {[%emt 00:00:17]} Kb6 {[%clk 00:05:15]} {[%emt 00:00:24]}
63. Kb4 {[%clk 00:23:14]} {[%emt 00:00:12]} Kc7 {[%clk 00:05:26]} {[%emt
00:00:19]} 64. c4 {[%clk 00:23:36]} {[%emt 00:00:08]} dxc4 {[%clk 00:05:47]}
{[%emt 00:00:10]} 65. Kxc4 {[%clk 00:24:01]} {[%emt 00:00:05]} Kd6 {[%clk
00:06:05]} {[%emt 00:00:12]} 66. d5 {[%clk 00:24:13]} {[%emt 00:00:17]} cxd5+
{[%clk 00:06:31]} {[%emt 00:00:04]} 67. Rxd5+ {[%clk 00:24:39]} {[%emt
00:00:05]} Ke6 {[%clk 00:06:52]} {[%emt 00:00:09]} 68. Ra5 {[%clk 00:24:59]}
{[%emt 00:00:09]} Kd6 {[%clk 00:07:09]} {[%emt 00:00:13]} 69. Rh5 {[%clk
00:25:23]} {[%emt 00:00:05]} Ke6 {[%clk 00:07:32]} {[%emt 00:00:08]} 70. Kd4
{[%clk 00:25:49]} {[%emt 00:00:04]} Kf6 {[%clk 00:07:49]} {[%emt 00:00:14]} 71.
Ke4 {[%clk 00:26:16]} {[%emt 00:00:03]} Kg6 {[%clk 00:08:09]} {[%emt 00:00:09]}
72. Ra5 {[%clk 00:26:40]} {[%emt 00:00:06]} Kf6 {[%clk 00:08:31]} {[%emt
00:00:08]} 73. Rb5 {[%clk 00:27:06]} {[%emt 00:00:05]} Kg6 {[%clk 00:08:54]}
{[%emt 00:00:06]} 74. Kf4 {[%clk 00:27:32]} {[%emt 00:00:04]} Kf6 {[%clk
00:09:10]} {[%emt 00:00:14]} 75. Rb6+ {[%clk 00:27:58]} {[%emt 00:00:04]} Ke7
{[%clk 00:09:19]} {[%emt 00:00:21]} 76. Kf5 {[%clk 00:28:21]} {[%emt 00:00:06]}
Kd7 {[%clk 00:09:45]} {[%emt 00:00:05]} 77. Ke5 {[%clk 00:28:48]} {[%emt
00:00:03]} Kc7 {[%clk 00:10:11]} {[%emt 00:00:04]} 78. Rh6 {[%clk 00:29:14]}
{[%emt 00:00:03]} Kd7 {[%clk 00:10:26]} {[%emt 00:00:15]} 79. Rg6 {[%clk
00:29:41]} {[%emt 00:00:04]} Kc7 {[%clk 00:10:50]} {[%emt 00:00:06]} 80. Kd5
{[%clk 00:30:08]} {[%emt 00:00:03]} Kb7 {[%clk 00:11:13]} {[%emt 00:00:07]} 81.
Kc5 {[%clk 00:30:35]} {[%emt 00:00:02]} Ka7 {[%clk 00:11:36]} {[%emt 00:00:08]}
82. Kb5 {[%clk 00:31:02]} {[%emt 00:00:03]} Kb7 {[%clk 00:11:57]} {[%emt
00:00:09]} 83. Rg7+ {[%clk 00:31:30]} {[%emt 00:00:02]} Kc8 {[%clk 00:12:18]}
{[%emt 00:00:09]} 84. Kb6 {[%clk 00:31:57]} {[%emt 00:00:03]} Kd8 {[%clk
00:12:44]} {[%emt 00:00:04]} 85. Kc6 {[%clk 00:32:23]} {[%emt 00:00:04]} Ke8
{[%clk 00:13:09]} {[%emt 00:00:05]} 86. Kd6 {[%clk 00:32:51]} {[%emt 00:00:02]}
Kf8 {[%clk 00:13:33]} {[%emt 00:00:06]} 87. Ra7 {[%clk 00:33:18]} {[%emt
00:00:03]} Ke8 {[%clk 00:13:53]} {[%emt 00:00:09]} 88. Rb7 {[%clk 00:33:45]}
{[%emt 00:00:04]} Kf8 {[%clk 00:14:18]} {[%emt 00:00:05]} 89. Ke6 {[%clk
00:34:12]} {[%emt 00:00:03]} Kg8 {[%clk 00:14:44]} {[%emt 00:00:04]} 90. Kf6
{[%clk 00:34:40]} {[%emt 00:00:02]} Kh8 {[%clk 00:15:09]} {[%emt 00:00:04]} 91.
Kg6 {[%clk 00:35:07]} {[%emt 00:00:04]} Kg8 {[%clk 00:15:36]} {[%emt 00:00:03]}
92. Rb8# {[%clk 00:35:04]} {[%emt 00:00:03]} 1-0